000 00629nam a22002052 4500
001 0000009709
005 20151217155842.0
008 081119s xx 000 0 eng d
040 _aKABU
_cKABU
100 1 _aBalfour, Patrick.
_@0000161460
245 1 0 _aLords of the equator :
_ban African journey /
_cPatrick Balfour.
250 _a1st ed.
260 _aLondon :
_bHutchinson,
_c1939.
300 _a282 p.
651 0 _aGerman
_zAfrica.
_@0000161461
651 0 _aAfrica, Central
_xDescription and travel.
_@0000148674
852 1 _9p200 KES
908 _a081119
950 _@1
999 _c13239
_d13239